Through children's eyes : (Record no. 7183)

MARC details
000 -LEADER
fixed length control field 00637nam a22002057a 4500
003 - CONTROL NUMBER IDENTIFIER
control field GBCCL
005 - DATE AND TIME OF LATEST TRANSACTION
control field 20241126110621.0
008 - FIXED-LENGTH DATA ELEMENTS--GENERAL INFORMATION
fixed length control field 180716b ||||| |||| 00| 0 eng d
020 ## - INTERNATIONAL STANDARD BOOK NUMBER
International Standard Book Number 9780570048435
040 ## - CATALOGING SOURCE
Transcribing agency gbc
082 ## - DEWEY DECIMAL CLASSIFICATION NUMBER
Classification number 268.432
Item number FRE
100 ## - MAIN ENTRY--PERSONAL NAME
Personal name Freudenburg, Ben F.
Dates associated with a name 1950-
9 (RLIN) 12710
245 ## - TITLE STATEMENT
Title Through children's eyes :
Remainder of title 52 worship talks for children /
Statement of responsibility, etc. Ben F. Freudenburg
260 ## - PUBLICATION, DISTRIBUTION, ETC.
Place of publication, distribution, etc. St. Louis:
Name of publisher, distributor, etc. Concordia Publishing House,
Date of publication, distribution, etc. 1996
300 ## - PHYSICAL DESCRIPTION
Extent 64 p.;
Other physical details ill.,
Dimensions 28 cm.
650 ## - SUBJECT ADDED ENTRY--TOPICAL TERM
Topical term or geographic name entry element Children's sermons.
9 (RLIN) 6398
650 ## - SUBJECT ADDED ENTRY--TOPICAL TERM
Topical term or geographic name entry element Sermons, American
Chronological subdivision 20th century.
9 (RLIN) 164
650 ## - SUBJECT ADDED ENTRY--TOPICAL TERM
Topical term or geographic name entry element Sermons, American
9 (RLIN) 270
942 ## - ADDED ENTRY ELEMENTS (KOHA)
Source of classification or shelving scheme Dewey Decimal Classification
Koha item type Books
Holdings
Withdrawn status Lost status Source of classification or shelving scheme Damaged status Not for loan Home library Current Library Shelving location Date acquired Total checkouts Full call number Barcode Date last seen Copy number Price effective from Koha item type
    Dewey Decimal Classification     GRACE BIBLE COLLEGE GRACE BIBLE COLLEGE Ministry & Mission 2018-07-16   268.432 FRE 013417 2025-05-01 c.1 2018-07-16 Books
© Grace Bible College Library 2025